Bundesliga: 100+ Goal Contributions (2000-) - Statistics

General Stats
  • This quiz has been taken 35 times
  • The average score is 26 of 39
Answer Stats
Ranking Player Positions Nationality Matches Goals (assists) Periods Clubs % Correct
13 Arjen Robben MF, FW 201 99 (51) 2009-2019
100%
1 Robert Lewandowski FW 384 312 (56) 2010-2022
100%
2 Thomas Müller MF, FW 503 150 (174) 2008-2025
100%
8 Franck Ribéry MF, FW 273 85 (94) 2007-2019
97%
3 Marco Reus MF, FW 391 156 (95) 2009-2024
97%
9 Miroslav Klose FW 304 120 (53) 2000-2011
97%
26 Pierre-Emerick Aubameyang MF, FW 144 98 (21) 2013-2018
90%
4 Claudio Pizarro FW 465 187 (57) 2000-2006, 2008-2020
87%
35 Lukas Podolski MF, FW 210 70 (33) 2003-2004, 2005-2012
87%
5 Mario Gómez FW 328 170 (28) 2003-2012, 2016-2019
87%
7 Andrej Kramarić MF, FW 286 126 (54) 2015-2025
84%
24 Mario Götze MF, FW 317 66 (55) 2009-2019, 2022-2025
84%
16 Timo Werner MF, FW 257 102 (39) 2013-2019, 2022-2024
84%
38 Joshua Kimmich DF, MF 295 29 (71) 2015-2025
77%
14 Julian Brandt MF, FW 354 70 (74) 2013-2025
77%
32 Klaas-Jan Huntelaar FW 184 84 (20) 2010-2016, 2020-2021
77%
28 Michael Ballack MF 198 71 (38) 2000-2005, 2010-2012
77%
33 Bastian Schweinsteiger DF, MF 342 45 (58) 2002-2015
74%
18 Serge Gnabry DF, MF, FW 242 91 (39) 2016-2025
74%
6 Stefan Kießling MF, FW 403 144 (51) 2002-2003, 2004-2018
74%
31 Roy Makaay FW 129 78 (28) 2003-2007
71%
11 Vedad Ibišević FW 344 127 (39) 2006-2007, 2008-2021
71%
19 Vincenzo Grifo MF, FW 273 66 (64) 2012-2013, 2016-2025
65%
12 Kevin Kurányi FW 273 111 (46) 2001-2009, 2015-2016
61%
10 Max Kruse MF, FW 307 97 (70) 2007-2008, 2010-2011, 2012-2018, 2020-2023
61%
20 Kevin Volland MF, FW 277 80 (49) 2012-2019, 2023-2025
58%
29 Nils Petersen MF, FW 295 89 (20) 2008-2009, 2011-2014, 2016-2023
58%
34 Diego MF 161 57 (46) 2006-2008, 2010-2011, 2012-2014
55%
39 Zé Roberto DF, MF 277 27 (73) 2000-2005, 2007-2011
55%
15 Lars Stindl MF, FW 376 85 (56) 2007-2008, 2010-2023
52%
21 Raffael MF, FW 290 83 (45) 2007-2009, 2011-2020
45%
25 Alexander Meier MF, FW 276 93 (27) 2001-2002, 2003-2004, 2005-2010, 2012-2018
39%
30 Jonas Hofmann MF, FW 275 53 (53) 2012-2025
39%
22 Sergej Barbarez MF, FW 234 76 (49) 2000-2008
39%
23 Cacau FW 306 89 (33) 2001-2014
35%
36 Oliver Neuville FW 251 64 (38) 2000-2006, 2008-2010
35%
37 Gonzalo Castro DF, MF 420 38 (63) 2004-2018, 2020-2022
29%
27 Aílton Gonçalves FW 178 92 (26) 2000-2005, 2007-2008
13%
17 Marcelinho Paraíba MF, FW 205 76 (59) 2001-2008
13%
No matching quizzes found
Score Distribution
Percent of People with Each Score
Percentile by Number Answered
Your Score History
You have not taken this quiz